000 00707nam a2200229 u 4500
005 20240228063642.0
008 120215s2006 es r 000 0 spa d
020 _a8421622730
035 _aUPN01000183436
049 _aI
050 4 _aPQ6657 I8.2
_bE5.4 2006
100 1 _aGisbert, Joan Manuel,
_d1949-
_932067
245 1 3 _aEl enigma de la muchacha dormida /
_cJoan Manuel Gisbert ; il. Ma. Luisa Flores.
250 _a7a ed.
260 _aMadrid :
_bBruño,
_c2006.
300 _a193 p. :
_bil.
440 0 _aAlta mar.
_pAventuras ;
_v80
586 _aPremio Nacional de Literatura Infantil y Juvenil
650 4 _aLiteratura infantil española
_95892
905 _aInfantil
999 _c155539
_d155539